| 000 | 00688cam a2200241 4500 | ||
|---|---|---|---|
| 008 | 000000n2000 000 0 eng u | ||
| 020 | _a1860813925 | ||
| 035 | _a(Sirsi) u107931 | ||
| 041 | _aENG | ||
| 050 | _a691 | ||
| 100 | _aYates, Alan | ||
| 110 | _aBuilding Research Establishment | ||
| 245 | _aGreen buildings revisited: large projects. | ||
| 260 |
_aLondon _bCRC Ltd _c2000 |
||
| 300 | _a4p. ; 30cm. | ||
| 490 |
_aBRE Information Paper _vIP 13/00. Part 2 |
||
| 650 | _aENVIRONMENTALLY FRIENDLY BUILDINGS | ||
| 650 | _aGREEN BUILDINGS | ||
| 690 | _aBUILT ENVIRONMENT-SUSTAINABLE CONSTRUCTION | ||
| 700 | _aKapoor, Prashant | ||
| 700 | _aRao, Susheel | ||
| 942 | _n0 | ||
| 999 |
_c100741 _d100741 |
||